Les 15 pays africains les plus peuplés - Statistiques

Statistiques générales
  • Ce quiz a été pris 350 fois
  • Le résultat moyen est 12 sur 15
Statistiques - réponses
Nombre d'habitants Pays % Correct
45 190 000 Algérie
98%
56 978 635 Afrique du Sud
95%
105 044 646 République démocratique du Congo
95%
106 437 241 Égypte
94%
36 561 813 Maroc
94%
219 463 862 Nigeria
93%
110 871 031 Éthiopie
83%
45 500 000 Soudan
80%
33 642 646 Angola
75%
29 389 150 Côte d'Ivoire
75%
54 685 051 Kenya
75%
62 092 761 Tanzanie
75%
32 372 889 Ghana
60%
30 888 034 Mozambique
60%
44 000 000 Ouganda
51%
Aucun quiz correspondant
Distribution des résultats
% des personnes avec chaque résultat
Percentile par nombre de réponses
Votre historique - résultats
Vous n’avez pas pris ce quiz